Осень белых голубей: романы; пер. с молд.

التفاصيل البيبلوغرافية
المؤلف الرئيسي: Матковски Д. Л. Думитру Леонтьевич
مؤلفون آخرون: Огурцов И. А. (иллюстратор)
اللغة:الروسية
منشور في: Москва, Советский писатель, 1980
الموضوعات:
التنسيق: MixedMaterials كتاب
KOHA link:https://koha.lib.tpu.ru/cgi-bin/koha/opac-detail.pl?biblionumber=144037

MARC

LEADER 00000nam0a2200000 4500
001 144037
005 20231101221053.0
020 |a RU  |b 80-34836 
035 |a (RuTPU)RU\TPU\book\156107 
090 |a 144037 
100 |a 20080929d1980 m y0rusy5003 ca 
101 1 |a rus  |c mol 
102 |a RU 
105 |a a z 000ay 
200 1 |a Осень белых голубей  |e романы  |e пер. с молд.  |f Д. Л. Матковски  |g худож. И. А. Огурцов 
210 |a Москва  |c Советский писатель  |d 1980 
215 |a 528 с.  |c ил.  |d 22 см. 
606 1 |a Молдавская литература  |2 stltpush  |3 (RuTPU)RU\TPU\subj\44262  |9 63626 
610 1 |a художественная литература 
610 1 |a романы 
675 |a 859.2  |v 3 
700 1 |a Матковски  |b Д. Л.  |g Думитру Леонтьевич 
702 1 |a Огурцов  |b И. А.  |4 440 
801 0 |a RU  |b RuMRKP  |c 19950704  |g psbo 
801 1 |a RU  |b 63413507  |c 20080929  |g PSBO 
801 2 |a RU  |b 63413507  |c 20200914  |g PSBO 
942 |c BK